| 000 | 00758nam a2200253Ia 4500 | ||
|---|---|---|---|
| 003 | OSt | ||
| 005 | 20220926005736.0 | ||
| 006 | a|||||r|||| 00| 0 | ||
| 007 | ta | ||
| 008 | 220923b |||||||| |||| 00| 0 eng d | ||
| 020 |
_a007062022 _c233.75 |
||
| 037 |
_bRKBA/06-07/3025, 18/12/2007, RAJKIRAN BOOK AGENCY _cGeneral Book |
||
| 040 |
_aRTL _cRTL _beng |
||
| 041 |
_2eng _aeng |
||
| 082 | _aX:51b4, N3;P8 | ||
| 100 |
_aBeri G C _9305356 |
||
| 245 | 0 | _aMarketing research | |
| 250 | _aEd. 4 | ||
| 260 |
_a New Delhi _bTata McGraw-Hill _c2008 |
||
| 300 |
_axviii, 580p _ccm. |
||
| 650 | _aCommerce | ||
| 942 |
_hX:51b4, N3;P8 _cGB _2CC |
||
| 999 |
_c615057 _d615057 |
||